Linguistic landscape : a new approach to multilingualism
Αποθηκεύτηκε σε:
| Άλλοι συγγραφείς: | |
|---|---|
| Μορφή: | Βιβλίο |
| Γλώσσα: | English |
| Δημοσίευση: |
Clevedon [England] ; Buffalo :
Multilingual Matters,
2006
|
| Θέματα: | |
| Ετικέτες: |
Προσθήκη ετικέτας
Δεν υπάρχουν, Καταχωρήστε ετικέτα πρώτοι!
|
MARC
| LEADER | 00000nam a2200000 i 4500 | ||
|---|---|---|---|
| 001 | 1/49871 | ||
| 008 | 070731s2006 eng d | ||
| 020 | |a 978-1-85359-916-3 | ||
| 020 | |a 1-85359-916-6 | ||
| 035 | |l 10089305 | ||
| 040 | |a GR-MY-UA |b gre |e aacr | ||
| 041 | 0 | |a eng | |
| 082 | 0 | |a 306.446 |2 (22) | |
| 245 | 1 | 0 | |a Linguistic landscape : |b a new approach to multilingualism / |c edited by Durk Gorter |
| 260 | |a Clevedon [England] ; Buffalo : |b Multilingual Matters, |c 2006 | ||
| 300 | |a v, 89 σ.; |c 21 εκ. | ||
| 504 | |a Περιλαμβάνει βιβλιογραφίες και ευρετήριο | ||
| 650 | 0 | 0 | |a Multilingualism. |
| 650 | 0 | 0 | |a Linguistic change. |
| 650 | 0 | 0 | |a Linguistic minorities. |
| 700 | 1 | |a Gorter, D. |q (Durk) |4 edt | |
| 852 | |a INST |b RHODES |e 20070731 |h 306.446 LIN |p 005400026190 |q 005400026190 |t BK |y 0 | ||
| 901 | |a BIBL4-2007-2 | ||
| 909 | |a Ρ |b 135536 | ||
| 922 | |a 4ΕΛΗ |b 200706 |c ΕΠΕΑΕΚ2/ΠΤΔΕ |d Σ. ΠΑΤΑΚΗΣ | ||
| 970 | |a ΜΙΣΣΟΣ |b ΣΤΑΥΡΟΣ |z 2007/07/31 | ||